00325nam a2200121 a 450000500170000000800410001702000180005805000260007610000220010224500370012426000320016130000100019320140412111327.0110128s19uu xx 00 eng d a0-590-89643-1 aTR(GS 507.8bS21 1997 aSchecter, Deborah aScience Art /cDeborah Schecter. aU.S.A :bScholastic,c1997. a144p.